Corso di scrittura rotonda, composto di 7 quaderni

Gespeichert in:
Bibliographische Detailangaben
1. Verfasser: Preatoni, A.
Format: Buch
Sprache:Italienisch
Erschienen: Torino Paravia s.a.
Katalog:EDISCO:  Suchergebnis im Bibliothekskatalog
Schulbuchspezifische Eigenschaften:
Schlagworte:
Tags: Tag hinzufügen
Keine Tags, Fügen Sie den ersten Tag hinzu!
Hinzugefügt zu:30.04.2016
Geändert in:04.10.2017

MARC

LEADER 00000aam a22000007 4500
001 23956
003 OSt
005 20171004090900.0
008 160501s it 000 0 ita
040 |c milena maione 
041 1 |a ita 
100 1 |a Preatoni, A. 
245 0 0 |a Corso di scrittura rotonda, composto di 7 quaderni 
260 |a Torino  |b Paravia  |c s.a. 
300 |a , 1 ;  
500 |a 7 quaderni 
510 3 |a 0,10 cad. 
901 |a 7 
650 4 |a Calligrafia 
690 7 |a Gioventù studiosa 
655 |a Manuale 
942 |2 ddc  |c BK 
546 |a ita 
999 |c 23944  |d 23944 
999 |c edisco:23944  |d 23944